Statistics for Avatar: The Last Airbender Quiz

Click here to take the quiz!

General Stats

  • This quiz has been taken 4,134 times
    (4,131 since last reset)
  • The average score is 15 of 22

Answer Stats

Hint Answer % Correct
The AvatarAang
99%
WaterbenderKatara
97%
Prince of the Fire NationZuko
96%
Flying BisonAppa
92%
Flying LemurMomo
91%
Non-BenderSokka
90%
EarthbenderToph Bei-Fong
89%
Princess of the Fire NationAzula
87%
New AvatarKorra
86%
Uncle of PrinceUncle Iroh
82%
Fire LordOzai
80%
Previous AvatarRoku
76%
Fan WarriorSuki
75%
King of OmashuBumi
67%
Shuriken MasterMai
61%
Fire Lord who started the warSozin
55%
The MoonYue
53%
Chi-blockerTy Lee
49%
Chief of the Southern Water TribeHakoda
28%
Fire LadyUrsa
22%
Earth Kingdom ConquererChin the Great
13%
Sang "Secret Tunnel"The Nomads
7%

Score Distribution

Percentile by Number Answered

Percent of People with Each Score

Your Score History

You have not taken this quiz since the last reset